| 000 | 00866nam a22002537a 4500 | ||
|---|---|---|---|
| 001 | 7070 | ||
| 003 | 9788184517064 | ||
| 005 | 20260115132557.0 | ||
| 008 | 250620b cb ||||| |||| 00| 0 eng d | ||
| 040 |
_aFISKH _beng _cFISKH _dFISKH |
||
| 050 | _aPZ8.L887 A | ||
| 082 | _a853.8 | ||
| 100 | _aCollodi, Carlo | ||
| 245 |
_aPinocchio : _bFancy story book / |
||
| 260 |
_aNew Delhi : _bDreamland Publications, _c2012. |
||
| 300 |
_a14 unnumbered pages : _bcolor illustrations ; _c25 cm |
||
| 505 | _aF | ||
| 520 | _aPinocchio, a wooden puppet full of tricks and mischief, with a talent for getting into and out of trouble, wants more than anything else to become a real boy. | ||
| 521 | 8 |
_a300
_bLexile estimate |
|
| 521 | 8 |
_aF
_bRaz-Plus |
|
| 650 |
_aItalian literature _vFantasy _xPuppets _yPicture book |
||
| 942 |
_2ddc _cBK _n0 |
||
| 999 |
_c7070 _d7070 |
||